00000000nam##2200000za#4500
0019.675335
003CaOODSP
00520241203113636
007cr |||||||||||
008150407|2001||||xxc|||||o    f|0| 0 eng|d
040 |aCaOODSP|beng
041 |aeng
041 |afre
043 |an-cn---
0861 |aCW66-203/2001-PDF
1101 |aCanada. |bEnvironment Canada.
24510|aCITES identification guide - sturgeons and paddlefish |h[electronic resource]
260 |aOttawa - Ontario : |bEnvironment Canada |cc2001.
300 |a181p.|bfigs. (some coloured), glossary, illus. (some coloured), maps (some coloured), table
500 |anull
500 |aThe catalogue number (CW66-203/2001) and ISBN (0-660-61641-6) for the bilingual print edition have been incorrectly copied in this electronic publication.
546 |aText in English, French and Spanish
590 |a11-07-Supp|b2011-05-17
69007|aAgri-food products|2gcpds
69007|aFish|2gcpds
69007|aMarine biology|2gcpds
7760#|tGuide d'identification CITES - esturgeons et spatules |w(CaOODSP)9.662938
792 |tGuide d'identification CITES - esturgeons et spatules |efre|w(CaOODSP)9.675336
85640|ahttp://publications.gc.ca|qPDF|s10.42 MB|uhttps://publications.gc.ca/collections/collection_2011/ec/CW66-203-2001.pdf